00354nam a2200145Ia 45000030006000000080041000060400015000471000016000622450047000782500006001252600040001313000006001715460014001770050017001910STCL150530s9999 xx 000 0 und d aSTCLcSTCL aPylee, M.V. aVidyabhyasa Prasnangal: Innale, Innu, Nale a3 bD.C. book; Kottayamc2006aKottayam a0 aMalayalam20220125165735.0